00286nam a2200097 a 450000500170000000800410001705000210005810000170007924500820009626000100017820141022142009.0120229s19uu xx 00 eng d aCD-ROMbD85 2009 aDukes, Chris aRecognizing and planning for special needs in the early years /cChris Dukes. c2009.